000 01501nam a2200421 i 4500
001 11656
003 KOSZ 005
005 20221024095213.0
008 071109s1967 pl a f 001 0 pol
015 _aPB 1967/3245
040 _aWA N
_cWA N
_dKOSZ 005/RW
_dKOSZ 005/HR
041 1 _apol
_heng
046 _k1965
080 _a621
080 _a669
100 1 _aLancaster, John Frederick
_d(1918- )
_eAutor
245 1 0 _aMetalurgia procesów spawalniczych /
_cJ. F. Lancaster ; tł. Edward Juffy.
246 1 _iTyt. oryg.:
_aMetallurgy of welding, brazing and soldering
260 _aWarszawa :
_bWydawnictwa Naukowo-Techniczne,
_c1967.
300 _a282, [1] s. :
_bil. ;
_c25 cm.
336 _2rdacontent
_aTekst
_btxt
337 _2rdamedia
_aBez urządzenia pośredniczącego
_bn
338 _2rdacarrier
_aWolumin
_bnc
380 _aKsiążki
388 _a1901-2000
388 _a1945-1989
500 _aTyt. oryg.: The metallurgy of welding, brazing and soldering, 1965.
504 _aBibliogr. przy rozdz. Indeks.
521 8 _aDla studentów i inżynierów.
650 4 _aMetalurgia
650 4 _aSpawalnictwo
655 4 _aPodręczniki akademickie
658 _aInżynieria i technika
700 1 _aJuffy, Edward
_d(1912-1990)
_eTłumaczenie
710 2 _aWydawnictwa Naukowo-Techniczne
_4pbl.
856 _uhttp://koha.tu.koszalin.pl/cgi-bin/koha/opac-detail.pl?biblionumber=11656
_yKatalog online BPK
942 _2UKD
_cKS
999 _c11656
_d11656